Educación infantil temprana en Colombia: informe de una misión asesora
Gespeichert in:
| Körperschaft: | |
|---|---|
| Format: | Buch |
| Sprache: | Spanisch |
| Veröffentlicht: |
Bogotá
Fundación Bernard van Leer
1981
|
| Schlagworte: | |
| Tags: |
Tag hinzufügen
Keine Tags, Fügen Sie den ersten Tag hinzu!
|
MARC
| LEADER | 00000nam a2200000 a 4500 | ||
|---|---|---|---|
| 001 | UCU1054 | ||
| 003 | CL-VaPUC | ||
| 008 | 960329e19810000CK |||||||||||||||||spa|d | ||
| 082 | 0 | 4 | |a 372.21 |b FUN |2 21 |
| 110 | 2 | |a Fundación Bernard van Leer. Centro Regional de Recursos Educativos |e author |9 356651 | |
| 245 | 1 | 0 | |a Educación infantil temprana en Colombia: informe de una misión asesora |
| 300 | |a 69 p | ||
| 942 | |c BK | ||
| 945 | |d 19960329 00:00:00 |a lriquelm | ||
| 260 | |a Bogotá |b Fundación Bernard van Leer |c 1981 | ||
| 650 | 0 | |a Educación preescolar |9 260381 | |
| 650 | 7 | |a EDUCACION Y DESARROLLO |2 CL-VaPUC |9 324696 | |
| 650 | 7 | |a PAPEL DE LA EDUCACION |2 CL-VaPUC |9 338800 | |
| 650 | 0 | |a Planificación de la educación |9 307333 | |
| 651 | 0 | |a Colombia |9 256424 | |
| 583 | |a last modification |c 19960329 00:00:00 |k Rodrigo Vera | ||
| 999 | |c 245819 |d 245817 | ||
| 952 | |0 0 |1 0 |4 0 |6 372_210000000000000_FUN_1981 |7 0 |8 P |9 260420 |a BIBEDU |b BIBEDU |c BIBEDU_PB |d 2019-11-19 |i 1635344 |o 372.21 FUN 1981 |p 1635344 |r 2024-01-25 |w 2019-11-19 |y BK |k EDU | ||